Opał-Pierwsza jesień bez depresji - Statystyki

Ogólne statystyki
  • Ten quiz został rozwiązany 40 razy
  • Średni wynik to 11 z 13
Statystyki odpowiedzi
Hint Odpowiedź % Poprawnych
1. Pierwsza jesień bez depresji
100%
7. Gibbs Magnolia
97%
2. Kiełas Znak
97%
9. Madryt
87%
12. Zeamsone Ostatnia prosta
87%
13. 777Hz
83%
8. Hinol Polska Wersja Zbyt rzadko się modlę
83%
10. Oksytocyna
80%
4. MOLLY Nowy Lady Pank
77%
6. Tantra & Rap
77%
5. Texture pack
77%
11. Mantraskit niemajutra
63%
3. Mantraskit przeznaczenie
60%
Nie znaleziono quizów pasujących do podanych kryteriów
Rozkład punktacji
Procent ludzi z każdym wynikiem
Percentyl według liczby udzielonych odpowiedzi
Twoja historia wyników
Nie rozwiązałeś tego quizu